[Event "BL 0809 (Women)"]
[Site "Germany"]
[Date "2009.04.25"]
[Round "10.3"]
[White "Borulya, Ekaterina"]
[Black "Kulovana, Eva"]
[Result "1/2-1/2"]
[WhiteElo "2310"]
[BlackElo "2286"]
[PlyCount "96"]
[EventDate "2008.11.08"]
[EventType "team-tourn"]
[EventRounds "11"]
[EventCountry "GER"]
[SourceTitle "EXT 2010"]
[Source "ChessBase"]
[SourceDate "2010.11.25"]
[SourceVersion "1"]
[SourceVersionDate "2010.11.25"]
[SourceQuality "1"]
[WhiteTeam "Baden-Baden (W)"]
[BlackTeam "Grosslehna (W)"]
[WhiteTeamCountry "GER"]
[BlackTeamCountry "GER"]

1. e4 c6 2. d4 d5 3. e5 Bf5 4. Nf3 e6 5. Bd3 Bxd3 6. Qxd3 Qb6 7. 0-0 c5 8. c4 dxc4 9. Qxc4 Nc6 10. d5 exd5 11. Qxd5 Nge7 12. Qe4 0-0-0 13. Nc3 h6 14. Be3 Qb4 15. Rac1 Qxe4 16. Nxe4 Ng6 17. Bxc5 Kb8 18. Bxf8 Rhxf8 19. Rc5 Rd7 20. g3 Re7 21. Nd6 Ngxe5 22. Nxe5 Rxe5 23. Rxe5 Nxe5 24. f4 Nc6 25. Nf5 Rg8 26. g4 Nd8 27. Nd6 Kc7 28. Rd1 a6 29. Nc4 Re8 30. Ne5 f6 31. Rc1+ Nc6 32. Nxc6 bxc6 33. Kf2 Rb8 34. b3 Rd8 35. Ke3 Rd5 36. Rc4 h5 37. h3 hxg4 38. hxg4 Rd1 39. Re4 Kb6 40. Rb4+ Kc7 41. Ke4 g6 42. Ra4 Kb6 43. Rd4 Re1+ 44. Kf3 Kc5 45. Rc4+ Kb6 46. Re4 Rf1+ 47. Kg3 Rg1+ 48. Kf3 Rf1+ 1/2-1/2

[Event "BL 0809 (Women)"]
[Site "Germany"]
[Date "2008.11.08"]
[Round "1.5"]
[White "Borulya, Ekaterina"]
[Black "Sandner, Heike"]
[Result "1-0"]
[WhiteElo "2310"]
[BlackElo "1760"]
[PlyCount "29"]
[EventDate "2008.11.08"]
[EventType "team-tourn"]
[EventRounds "11"]
[EventCountry "GER"]
[SourceTitle "EXT 2010"]
[Source "ChessBase"]
[SourceDate "2010.11.25"]
[SourceVersion "1"]
[SourceVersionDate "2010.11.25"]
[SourceQuality "1"]
[WhiteTeam "Baden-Baden (W)"]
[BlackTeam "Rodewisch (W)"]
[WhiteTeamCountry "GER"]
[BlackTeamCountry "GER"]

1. e4 e5 2. Nf3 Nc6 3. Bc4 Bc5 4. c3 Nf6 5. d3 0-0 6. Nbd2 d6 7. h3 Kh8 8. Nf1 h6 9. Ng3 Ne7 10. 0-0 Ng6 11. d4 exd4 12. cxd4 Bb6 13. Qc2 Be6 14. Bxe6 fxe6 15. e5 1-0

[Event "BL 0708 (Women)"]
[Site "Germany"]
[Date "2008.01.26"]
[Round "6.5"]
[White "Lehmann, Christina"]
[Black "Borulya, Ekaterina"]
[Result "1/2-1/2"]
[WhiteElo "2100"]
[BlackElo "2293"]
[PlyCount "65"]
[EventDate "2007.11.10"]
[EventType "team-tourn"]
[EventRounds "11"]
[EventCountry "GER"]
[SourceTitle "EXT 2009"]
[Source "ChessBase"]
[SourceDate "2008.11.26"]
[SourceVersion "1"]
[SourceVersionDate "2008.11.26"]
[SourceQuality "1"]
[WhiteTeam "Grosslehna (W)"]
[BlackTeam "Baden-Baden (W)"]
[WhiteTeamCountry "GER"]
[BlackTeamCountry "GER"]

1. Nf3 c5 2. g3 g6 3. Bg2 Bg7 4. 0-0 Nc6 5. c4 d6 6. Nc3 e5 7. d3 Nge7 8. Bd2 0-0 9. Rb1 a5 10. a3 Rb8 11. Ne1 Be6 12. Nc2 d5 13. cxd5 Nxd5 14. Ne4 b6 15. Ng5 Bc8 16. Ne3 Nxe3 17. Bxe3 Bb7 18. Nf3 Kh8 19. Qd2 Re8 20. Rfe1 Qe7 21. Qc2 h6 22. Qc4 f5 23. Qh4 Qxh4 24. Nxh4 Kh7 25. Rec1 Rbc8 26. Kf1 Ba8 27. Rc2 Rf8 28. Nf3 f4 29. Bd2 g5 30. Bc3 b5 31. gxf4 gxf4 32. Rbc1 Rg8 33. Be1 1/2-1/2

[Event "BL 0708 (Women)"]
[Site "Germany"]
[Date "2007.12.02"]
[Round "4.4"]
[White "Borulya, Ekaterina"]
[Black "Hegeler, Anja"]
[Result "1-0"]
[WhiteElo "2293"]
[BlackElo "2196"]
[PlyCount "97"]
[EventDate "2007.11.10"]
[EventType "team-tourn"]
[EventRounds "11"]
[EventCountry "GER"]
[SourceTitle "EXT 2009"]
[Source "ChessBase"]
[SourceDate "2008.11.26"]
[SourceVersion "1"]
[SourceVersionDate "2008.11.26"]
[SourceQuality "1"]
[WhiteTeam "Baden-Baden (W)"]
[BlackTeam "Hamburger SK (W)"]
[WhiteTeamCountry "GER"]
[BlackTeamCountry "GER"]

1. e4 e6 2. d4 d5 3. Nc3 Nc6 4. Nf3 Nf6 5. exd5 exd5 6. Bb5 a6 7. Bxc6+ bxc6 8. 0-0 Bg4 9. Qd3 Bxf3 10. Qxf3 Be7 11. Bg5 h6 12. Bh4 0-0 13. Rfe1 Qd7 14. Re3 Rae8 15. Rd1 Bd8 16. Bxf6 Bxf6 17. Na4 Rxe3 18. Qxe3 Re8 19. Qd3 a5 20. Nc5 Qe7 21. g3 g6 22. c3 Bg7 23. Kf1 Qg5 24. Qd2 Qh5 25. Re1 Qh3+ 26. Kg1 Qc8 27. Re3 Bf8 28. Nd3 h5 29. Qe2 Rxe3 30. Qxe3 Qf5 31. a4 Kh7 32. Kg2 Bd6 33. h4 Kg7 34. b3 f6 35. c4 dxc4 36. bxc4 Kf7 37. Qf3 Qxf3+ 38. Kxf3 Ba3 39. Ke4 Ke6 40. Nf4+ Kf7 41. c5 g5 42. hxg5 fxg5 43. Nxh5 Bb4 44. g4 Be1 45. f3 Bf2 46. f4 gxf4 47. Nxf4 Bh4 48. Kf5 Bf2 49. Ne6 1-0

[Event "BL2-Sued 0607"]
[Site "Germany"]
[Date "2006.11.19"]
[Round "3.7"]
[White "Borulya, Ekaterina"]
[Black "Deglmann, Ludwig"]
[Result "1-0"]
[WhiteElo "2285"]
[BlackElo "2330"]
[PlyCount "81"]
[EventDate "2006.10.15"]
[EventType "team-tourn"]
[EventRounds "9"]
[EventCountry "GER"]
[SourceTitle "EXT 2008"]
[Source "ChessBase"]
[SourceDate "2007.11.25"]
[SourceVersion "1"]
[SourceVersionDate "2007.11.25"]
[SourceQuality "1"]
[WhiteTeam "Baden-Baden II"]
[BlackTeam "Bayern Muenchen"]
[WhiteTeamCountry "GER"]
[BlackTeamCountry "GER"]

1. e4 g6 2. d4 Bg7 3. Nc3 d6 4. g3 Nd7 5. Bg2 c5 6. Nge2 Ngf6 7. h3 Rb8 8. Be3 b6 9. g4 Bb7 10. Ng3 h6 11. Qd2 cxd4 12. Bxd4 Ne5 13. Nd5 Nc4 14. Qc3 e5 15. Qxc4 Nxd5 16. Bxe5 Bxe5 17. exd5 0-0 18. c3 Rc8 19. Qd3 b5 20. 0-0 Qb6 21. Rfe1 Rfe8 22. Ne4 b4 23. cxb4 Bxb2 24. Rab1 Bd4 25. a4 f5 26. gxf5 gxf5 27. a5 Qc7 28. Qxd4 fxe4 29. Rxe4 Rxe4 30. Qxe4 Kh8 31. Rb3 Rg8 32. Qd4+ Qg7 33. Qxg7+ Rxg7 34. Rg3 Rxg3 35. fxg3 Kg7 36. Kf2 Kf6 37. Ke3 Ke5 38. b5 Bxd5 39. Bxd5 Kxd5 40. g4 Kc5 41. h4 1-0

[Event "BL 0506 (Women)"]
[Site "Germany"]
[Date "2006.04.09"]
[Round "11.2"]
[White "Skibbe, Diana"]
[Black "Borulya, Ekaterina"]
[Result "0-1"]
[WhiteElo "2103"]
[BlackElo "2286"]
[PlyCount "39"]
[EventDate "2005.10.29"]
[EventType "team-tourn"]
[EventRounds "11"]
[EventCountry "GER"]
[SourceTitle "EXT 2007"]
[Source "ChessBase"]
[SourceDate "2006.11.23"]
[SourceVersion "1"]
[SourceVersionDate "2006.11.23"]
[SourceQuality "1"]
[WhiteTeam "Zeulenroda"]
[BlackTeam "Baden-Baden (W)"]
[WhiteTeamCountry "GER"]
[BlackTeamCountry "GER"]

1. e4 c5 2. Nf3 e6 3. d4 cxd4 4. Nxd4 Nc6 5. Be3 Qc7 6. Bd3 a6 7. 0-0 Nf6 8. Nc3 Nxd4 9. Bxd4 Bc5 10. Be2 d6 11. Bxf6 gxf6 12. Bf3 Bd7 13. Qd2 Rc8 14. Rad1 Qb6 15. e5 fxe5 16. Qg5 Bc6 17. Bh5 Qd8 18. Qg7 Rf8 19. Rfe1 Qh4 20. Qh6 0-1

[Event "BL 0405 (Women)"]
[Site "Germany"]
[Date "2005.04.24"]
[Round "11.4"]
[White "Borulya, Ekaterina"]
[Black "Doehmen, Katrin"]
[Result "1-0"]
[WhiteElo "2308"]
[BlackElo "2019"]
[PlyCount "49"]
[EventDate "2004.11.06"]
[EventType "team-tourn"]
[EventRounds "11"]
[EventCountry "GER"]
[SourceTitle "EXT 2006"]
[Source "ChessBase"]
[SourceDate "2005.11.24"]
[SourceVersion "1"]
[SourceVersionDate "2005.11.24"]
[SourceQuality "1"]
[WhiteTeam "Baden Oos (W)"]
[BlackTeam "Holsterhausen (W)"]
[WhiteTeamCountry "GER"]
[BlackTeamCountry "GER"]

1. e4 c5 2. Nf3 Nc6 3. d4 cxd4 4. Nxd4 g6 5. c4 Bg7 6. Be3 Nf6 7. Nc3 0-0 8. Be2 d6 9. f3 Nxd4 10. Bxd4 Be6 11. 0-0 Qa5 12. a3 Qg5 13. f4 Qh4 14. Qd2 Ng4 15. Bxg4 Qxg4 16. Bxg7 Kxg7 17. Qd4+ f6 18. b3 Rfc8 19. Rae1 Bd7 20. Nd5 Kf7 21. h3 Qg3 22. Re3 Qh4 23. e5 dxe5 24. Rxe5 Be6 25. Rxe6 1-0

[Event "BL 0304 (Women)"]
[Site "Germany"]
[Date "2004.02.29"]
[Round "7.4"]
[White "Borulya, Ekaterina"]
[Black "Suess, Annegret"]
[Result "1-0"]
[WhiteElo "2332"]
[BlackElo "2126"]
[PlyCount "81"]
[EventDate "2003.11.29"]
[EventType "team-tourn"]
[EventRounds "11"]
[EventCountry "GER"]
[SourceTitle "EXT 2005"]
[Source "ChessBase"]
[SourceDate "2004.11.15"]
[SourceVersion "1"]
[SourceVersionDate "2004.11.15"]
[SourceQuality "1"]
[WhiteTeam "Baden Oos (W)"]
[BlackTeam "Rodewisch"]
[WhiteTeamCountry "GER"]
[BlackTeamCountry "GER"]

1. e4 e6 2. d4 d5 3. exd5 exd5 4. Nf3 Nf6 5. Bd3 Be7 6. h3 0-0 7. 0-0 c5 8. c3 Nc6 9. Re1 h6 10. Bf4 Be6 11. Nbd2 Qb6 12. Qb3 Qxb3 13. axb3 cxd4 14. Nxd4 Nxd4 15. cxd4 Rfc8 16. Nb1 Nd7 17. Nc3 Bf6 18. Nb5 a6 19. Nc7 Ra7 20. Nxe6 fxe6 21. Rxe6 Bxd4 22. Be3 Bxe3 23. Rxe3 Nc5 24. Bf5 Rf8 25. g4 b5 26. b4 Na4 27. b3 d4 28. Re6 Nc3 29. Rd6 Re8 30. Kf1 Ne4 31. Rxd4 Ng5 32. Kg2 Raa8 33. Rd6 Re2 34. Raxa6 Rf8 35. Rd5 Ne4 36. Re5 Nc3 37. Rxe2 Nxe2 38. Rb6 Nd4 39. Be4 Rf4 40. f3 Kf8 41. Kf2 1-0

[Event "BL 0203 (Women)"]
[Site "Germany"]
[Date "2003.03.15"]
[Round "10.5"]
[White "Borulya, Ekaterina"]
[Black "Zickelbein, Eva Maria"]
[Result "1/2-1/2"]
[WhiteElo "2348"]
[BlackElo "2137"]
[PlyCount "50"]
[EventDate "2002.10.12"]
[EventType "team-tourn"]
[EventRounds "11"]
[EventCountry "GER"]
[SourceTitle "EXT 2004"]
[Source "ChessBase"]
[SourceDate "2003.11.25"]
[SourceVersion "1"]
[SourceVersionDate "2003.11.25"]
[SourceQuality "1"]
[WhiteTeam "Baden Oos (W)"]
[BlackTeam "Hamburg (W)"]
[WhiteTeamCountry "GER"]
[BlackTeamCountry "GER"]

1. e4 d6 2. d4 Nf6 3. Nc3 e5 4. dxe5 dxe5 5. Qxd8+ Kxd8 6. Nf3 Bd6 7. Bg5 Be6 8. 0-0-0 Nbd7 9. Bb5 Ke8 10. Bxf6 gxf6 11. Nd5 c6 12. Ne3 Bc5 13. Bd3 a5 14. a3 b5 15. Nh4 Nb6 16. Kd2 Rg8 17. g3 b4 18. axb4 axb4 19. Ra1 Kd7 20. f3 Ra4 21. b3 Raa8 22. Nhf5 Kc7 23. Rhf1 Rgd8 24. Ke2 Ra3 25. Rab1 Ra2 1/2-1/2

[Event "BL 0203 (Women)"]
[Site "Germany"]
[Date "2003.02.02"]
[Round "7.4"]
[White "Steinbacher, Claudia"]
[Black "Borulya, Ekaterina"]
[Result "0-1"]
[WhiteElo "2148"]
[BlackElo "2348"]
[PlyCount "86"]
[EventDate "2002.10.12"]
[EventType "team-tourn"]
[EventRounds "11"]
[EventCountry "GER"]
[SourceTitle "EXT 2004"]
[Source "ChessBase"]
[SourceDate "2003.11.25"]
[SourceVersion "1"]
[SourceVersionDate "2003.11.25"]
[SourceQuality "1"]
[WhiteTeam "Rodewisch (W)"]
[BlackTeam "Baden Oos (W)"]
[WhiteTeamCountry "GER"]
[BlackTeamCountry "GER"]

1. d4 c5 2. d5 g6 3. c4 Bg7 4. Nc3 Nf6 5. e4 d6 6. Bd3 0-0 7. f4 e6 8. dxe6 fxe6 9. Nge2 Kh8 10. Ng3 d5 11. e5 Ng8 12. cxd5 exd5 13. 0-0 Nh6 14. Bc2 Be6 15. Nb5 Nc6 16. Nd6 Qh4 17. Qe1 Ng4 18. h3 Ngxe5 19. Nxb7 Nd4 20. Bd1 Nd3 21. Qe3 c4 22. Ne2 Rae8 23. Nd6 Nf5 24. Nxf5 Bxf5 25. Qd2 Bxh3 26. gxh3 Qxh3 27. Rf2 Nxf2 28. Kxf2 Qh2+ 29. Kf1 Qh3+ 30. Kf2 d4 31. Ng1 Qh4+ 32. Kg2 d3 33. Qf2 Qxf2+ 34. Kxf2 Bd4+ 35. Kg2 Bxg1 36. Bd2 Bd4 37. Rc1 Rc8 38. Bg4 Rc7 39. Ba5 Rc6 40. Bd7 Ra6 41. Bb4 Rd8 42. Bb5 Rxa2 43. Rxc4 d2 0-1

[Event "Olympiad Women-35"]
[Site "Bled"]
[Date "2002.11.01"]
[Round "7.3"]
[White "Borulya, Ekaterina"]
[Black "Calotescu, Ana Cristina"]
[Result "1/2-1/2"]
[WhiteElo "2348"]
[BlackElo "2324"]
[PlyCount "87"]
[EventDate "2002.10.26"]
[EventType "team-swiss"]
[EventRounds "14"]
[EventCountry "SLO"]
[SourceTitle "EXT 2003"]
[Source "ChessBase"]
[SourceDate "2002.11.25"]
[SourceVersion "1"]
[SourceVersionDate "2002.11.25"]
[SourceQuality "1"]
[WhiteTeam "Germany (W)"]
[BlackTeam "Romania (W)"]
[WhiteTeamCountry "GER"]
[BlackTeamCountry "ROU"]

1. e4 c5 2. Nf3 d6 3. d4 Nf6 4. Nc3 cxd4 5. Nxd4 a6 6. g3 g6 7. Bg2 Bg7 8. 0-0 0-0 9. Nd5 Nbd7 10. Re1 Ne5 11. b3 Bg4 12. Qd2 h5 13. Rb1 h4 14. Bb2 hxg3 15. hxg3 Rc8 16. c4 Bd7 17. a4 Re8 18. f4 Neg4 19. Rbd1 b5 20. axb5 axb5 21. cxb5 Nxd5 22. exd5 Qb6 23. Bf3 Nf6 24. Rc1 Rxc1 25. Rxc1 Ra8 26. Ra1 Rxa1+ 27. Bxa1 Bxb5 28. Kg2 Bd7 29. Qe2 Kf8 30. Qc4 Ng4 31. Bxg4 Bxg4 32. Bc3 Bf6 33. b4 Qa7 34. b5 Kg7 35. Nc2 Bf5 36. Bxf6+ exf6 37. Nd4 Be4+ 38. Kf2 Qa3 39. Ne6+ fxe6 40. Qxe4 Qb2+ 41. Kg1 Qxb5 42. Qxe6 Qb6+ 43. Kg2 Qc7 44. Kh3 1/2-1/2

[Event "Olympiad Women-35"]
[Site "Bled"]
[Date "2002.10.31"]
[Round "6.3"]
[White "Borulya, Ekaterina"]
[Black "Le, Thi Phuong Lien"]
[Result "1-0"]
[WhiteElo "2348"]
[BlackElo "2180"]
[PlyCount "77"]
[EventDate "2002.10.26"]
[EventType "team-swiss"]
[EventRounds "14"]
[EventCountry "SLO"]
[SourceTitle "EXT 2003"]
[Source "ChessBase"]
[SourceDate "2002.11.25"]
[SourceVersion "1"]
[SourceVersionDate "2002.11.25"]
[SourceQuality "1"]
[WhiteTeam "Germany (W)"]
[BlackTeam "Vietnam (W)"]
[WhiteTeamCountry "GER"]
[BlackTeamCountry "VIE"]

1. e4 Nf6 2. e5 Nd5 3. d4 d6 4. exd6 cxd6 5. g3 g6 6. Bg2 Nb6 7. Nf3 Bg7 8. 0-0 0-0 9. d5 N8d7 10. Na3 Nf6 11. c4 Bg4 12. Be3 Nfd7 13. Qd2 Bxf3 14. Bxf3 Na4 15. Rab1 a5 16. Bg2 b6 17. Nb5 Nac5 18. b3 Re8 19. Bd4 Bxd4 20. Nxd4 Nf6 21. Rfe1 Qd7 22. Re2 Rac8 23. Rbe1 Qb7 24. Bh3 Rc7 25. Nb5 Kg7 26. Qc3 Rd7 27. Bxd7 Qxd7 28. Qd4 h5 29. Kg2 Kh7 30. h3 Kg8 31. Re3 Kh7 32. a3 Qd8 33. Qf4 Nb7 34. Nd4 Nc5 35. Qxf6 exf6 36. Rxe8 Qc7 37. R1e7 Nd7 38. Rxf7+ Kh6 39. Rh8+ 1-0

[Event "BL2 Sued 0102 (Women)"]
[Site "Germany"]
[Date "2002.03.03"]
[Round "7.4"]
[White "Borulya, Ekaterina"]
[Black "Leveikina, Jevgenija"]
[Result "1-0"]
[WhiteElo "2357"]
[BlackElo "2021"]
[PlyCount "67"]
[EventDate "2001.10.27"]
[EventType "team-tourn"]
[EventRounds "7"]
[EventCountry "GER"]
[SourceTitle "EXT 2003"]
[Source "ChessBase"]
[SourceDate "2002.11.25"]
[SourceVersion "1"]
[SourceVersionDate "2002.11.25"]
[SourceQuality "1"]
[WhiteTeam "Baden Oos"]
[BlackTeam "Wattenscheid"]
[WhiteTeamCountry "GER"]
[BlackTeamCountry "GER"]

1. c4 e6 2. g3 Nf6 3. Bg2 d5 4. Nf3 Nbd7 5. cxd5 exd5 6. 0-0 Be7 7. d4 0-0 8. Nc3 c6 9. Qc2 Re8 10. b3 Bf8 11. Bb2 a5 12. Na4 Ne4 13. Rad1 g6 14. Ne1 Ndf6 15. Nd3 Bf5 16. Qc1 b5 17. f3 bxa4 18. fxe4 Bxe4 19. Bxe4 Nxe4 20. Qxc6 Rc8 21. Qxa4 Rc2 22. Rde1 Nd6 23. Rf2 Ne4 24. Rg2 Bb4 25. Nxb4 axb4 26. e3 Nd2 27. Rf2 Qe7 28. Bc1 Rxc1 29. Rxc1 Qxe3 30. Qd7 Nf3+ 31. Kg2 Ng5 32. h4 Re7 33. Qd8+ Re8 34. Qxg5 1-0

[Event "BL2 Sued 0102 (Women)"]
[Site "Germany"]
[Date "2001.12.01"]
[Round "3.2"]
[White "Borulya, Ekaterina"]
[Black "Klein, Annette"]
[Result "1-0"]
[WhiteElo "2357"]
[BlackElo "1883"]
[PlyCount "75"]
[EventDate "2001.10.27"]
[EventType "team-tourn"]
[EventRounds "7"]
[EventCountry "GER"]
[SourceTitle "EXT 2003"]
[Source "ChessBase"]
[SourceDate "2002.11.25"]
[SourceVersion "1"]
[SourceVersionDate "2002.11.25"]
[SourceQuality "1"]
[WhiteTeam "Baden Oos"]
[BlackTeam "Schott Mainz"]
[WhiteTeamCountry "GER"]
[BlackTeamCountry "GER"]

1. e4 e6 2. d4 d5 3. exd5 exd5 4. Nf3 Bd6 5. c4 dxc4 6. Bxc4 Nf6 7. 0-0 0-0 8. Nc3 Bg4 9. Qd3 Nc6 10. Nb5 a6 11. Nxd6 Qxd6 12. Rd1 Rad8 13. Be3 Bxf3 14. gxf3 Nd5 15. Qf5 Qg6+ 16. Qg4 Qxg4+ 17. fxg4 Rfe8 18. Bg5 Rd7 19. Re1 Rxe1+ 20. Rxe1 Kf8 21. Kg2 b5 22. Bd3 Nxd4 23. Bxh7 c5 24. h4 f6 25. Bd2 Ne7 26. Be3 Nc2 27. Bxc2 Rc7 28. Rd1 Kf7 29. Rd6 a5 30. h5 c4 31. Ra6 a4 32. Rb6 c3 33. Rxb5 cxb2 34. Rxb2 a3 35. Bb3+ Ke8 36. Rc2 Rb7 37. Bc5 Rb5 38. Ba4 1-0